000 01026nam a22002535i 4500
001 53252
003 ES-MaACL
005 20250910202027.0
007 t|
008 960520s1895 sp a ||||1| spa d
040 _aCLM
_bspa
_cCCPB | SIC
080 _a338.45(100):663.25
100 1 _aDupuy de Lôme, Enrique.
_946143
245 1 3 _aLa producción y el comercio de vinos en los Estados Unidos /
_cmemoria redactada por Enrique Dupuy de Lôme y Vicente Vera y López.
260 _aMadrid :
_b[s.n.],
_c1895 (
_fTipolitografia de L. Péant é Hijos)
300 _a268 p., [2] h. de map. pleg. :
_bil. ;
_c27 cm.
530 _aDisponible también en sitio web.
650 4 _aIndustria vitivínicola.
_9141183
700 1 _aVera, Vicente,
_d1855-1934
_9113953
852 _aES-MaACL
_jG-6186
852 _aES-MaACL
_jT-780-F-4
_z.- Donativo Sr. Moret
856 _uhttp://bibliotecadigitalhispanica.bne.es:80/webclient/DeliveryManager?pid=1865924&custom_att_2=simple_viewer
_zIr a la página
999 _c53252
_d53252